000 00620nam a2200217 i 4500
001 89999
003 ES-MaACL
005 20250511063032.0
007 t|
008 050117s1958 sp |||| | spa d
080 _a 869.9-14"19"
100 1 _aLázaro, Ángel,
_9240342
_d1900-1985
_eaut
245 1 0 _aLonxe :
_bpoemas /
_cAngel Lázaro.
260 _a[Madrid :
_bs.n.,
_c1958]
_f(Imp. La Rafa)
300 _a60 p. ;
_c17 cm.
655 7 _2tgfbne
_9176539
_aPoesías
852 _aES-MaACL
_jC-17364
_cGalería
942 _2udc
_cMONOGRAFIA
_n0
999 _c89999
_d89999